| 000 | 00966nas a2200313 4500 | ||
|---|---|---|---|
| 001 | BR2012009142 | ||
| 003 | BR-BrBNA | ||
| 005 | 20231205121544.0 | ||
| 007 | ta | ||
| 008 | 230509b bl.|||p| |||| 00| 00por d | ||
| 040 |
_aBR-BrBNA _bpor _cBiblioteca Nacional de Agricultura |
||
| 041 | _a(Pt) | ||
| 072 | _aP10; Q03 | ||
| 100 | 1 | _aSantos, M.V. dos | |
| 100 | 1 | _aSantos, M.C.F. dos | |
| 100 | 1 | _aFlores, V.V. | |
| 100 | 1 | _aFortuna, J.L. | |
| 245 | 1 | _aAvaliação microbiológica da água do rio Jucuruçu próximo à comunidade ribeirinha no município de Itamaraju, BA | |
| 650 | _aÁGUA | ||
| 650 | _aCONSUMO | ||
| 650 | _aCONTAMINAÇÃO | ||
| 650 | _aCOLIFORME | ||
| 650 | _aANÁLISE MICROBIOLÓGICA | ||
| 650 | _aSAÚDE | ||
| 650 | _aEDUCAÇÃO AMBIENTAL | ||
| 773 | 0 |
_tHigiene Alimentar (Brazil) _xISSN 0101-9171 _g(Jul-Aug 2012), v. 26(210-211) p. 83-90 _wBR2012009142 |
|
| 909 |
_a202311 _bLúcia _c55 _dLúcia Elande |
||
| 942 |
_2AGRIS _n0 _cANA |
||
| 999 |
_c224105 _d224105 |
||